[Event "XXVII Festival Conca della Presolana B"]
[Site "Bratto - Castione della Presolana ITA"]
[Date "2007.08.24"]
[Round "1"]
[White "Antolini, Aldo"]
[Black "Spano' Cuomo, Gaetano"]
[Result "0-1"]
[WhiteElo "1642"]
[BlackElo "1861"]
[PlyCount "118"]
[EventDate "2007.08.24"]

1. d4 d5 2. Nf3 Bf5 3. e3 e6 4. Nbd2 Nf6 5. Be2 Bd6 6. b3 Nbd7 7. Bb2 O-O 8.
Ne5 Ne8 9. g4 Be4 10. Nxe4 dxe4 11. Qd2 Qe7 12. O-O-O Rd8 13. Kb1 c6 14. f4 Nc7
15. c4 Nxe5 16. fxe5 Bxe5 17. Qc2 Bf6 18. Qxe4 g6 19. Rhf1 Bg7 20. Rh1 f5 21.
gxf5 Rxf5 22. Bg4 Rf2 23. h4 Rdf8 24. c5 Nd5 25. Bxe6+ Kh8 26. Bxd5 Qc7 27. Bc4
Rxb2+ 28. Kxb2 Rf2+ 29. Kc3 Qa5+ 30. Kd3 Qxa2 31. Qe8+ Bf8 32. Qxf8+ Rxf8 33.
Rhf1 Rxf1 34. Rxf1 b5 35. cxb6 axb6 36. Rf7 b5 37. Be6 Qb1+ 38. Ke2 Qe4 39.
Rf8+ Kg7 40. Rg8+ Kf6 41. Rf8+ Kxe6 42. Re8+ Kf5 43. Rxe4 Kxe4 44. b4 h6 45.
Kf2 g5 46. h5 g4 47. Kg3 Kxe3 48. Kxg4 Ke4 49. Kg3 Kxd4 50. Kf4 c5 51. bxc5
Kxc5 52. Kf5 b4 53. Kg6 b3 54. Kxh6 b2 55. Kg7 b1=Q 56. h6 Kd6 57. h7 Ke7 58.
h8=Q Qg1+ 59. Kh7 Kf7 0-1

[Event "XXVII Festival Conca della Presolana B"]
[Site "Bratto - Castione della Presolana ITA"]
[Date "2007.08.24"]
[Round "1"]
[White "Antoniacci, Riccardo"]
[Black "Saracco, Marco"]
[Result "0-1"]
[WhiteElo "1989"]
[BlackElo "1840"]
[PlyCount "78"]
[EventDate "2007.08.24"]

1. e4 c6 2. d4 d5 3. exd5 cxd5 4. c4 Nf6 5. Nc3 e6 6. Nf3 Nc6 7. Bg5 Be7 8. a3
O-O 9. c5 Ne4 10. Bxe7 Qxe7 11. Bb5 Nxc3 12. bxc3 Qc7 13. Qb3 Bd7 14. O-O Na5
15. Qa4 Bxb5 16. Qxb5 Nc4 17. Rfe1 Rfb8 18. Ne5 Nxe5 19. Rxe5 b6 20. cxb6 Qxc3
21. Ree1 Rxb6 22. Qd7 Qxd4 23. Rac1 Rbb8 24. Rc7 Rf8 25. h4 h6 26. Rb1 Qe4 27.
Rbb7 Qe1+ 28. Kh2 Qxf2 29. Qxe6 Qxh4+ 30. Qh3 Qxh3+ 31. Kxh3 a5 32. Rd7 Rad8
33. Kg3 Rxd7 34. Rxd7 Rc8 35. Rxd5 Rc3+ 36. Kg4 Rxa3 37. Kf4 g6 38. g3 Kg7 39.
g4 Ra1 0-1

[Event "XXVII Festival Conca della Presolana B"]
[Site "Bratto - Castione della Presolana ITA"]
[Date "2007.08.24"]
[Round "1"]
[White "Autelitano, Bruno"]
[Black "Vargiu, Antonio"]
[Result "1/2-1/2"]
[WhiteElo "1754"]
[BlackElo "1917"]
[PlyCount "75"]
[EventDate "2007.08.24"]

1. d4 e6 2. Nf3 d5 3. e3 Nf6 4. Bd3 c5 5. c3 c4 6. Bc2 Bd6 7. Nbd2 O-O 8. O-O
Nbd7 9. Re1 Qc7 10. e4 e5 11. dxe5 Nxe5 12. Nxe5 Bxe5 13. Nf3 Bg4 14. h3 Bxf3
15. Qxf3 dxe4 16. Bxe4 Nxe4 17. Rxe4 Rad8 18. Bf4 Bxf4 19. Qxf4 Qxf4 20. Rxf4
b5 21. a4 a6 22. axb5 axb5 23. Rf5 Rb8 24. Ra5 b4 25. cxb4 Rxb4 26. Rfb5 Rxb5
27. Rxb5 Rc8 28. Kf1 g6 29. Ke2 c3 30. bxc3 Rxc3 31. Rb8+ Kg7 32. Rb7 h5 33.
Rd7 g5 34. g3 Kg6 35. Rd6+ f6 36. Rd5 h4 37. gxh4 gxh4 38. Rd3 1/2-1/2

[Event "XXVII Festival Conca della Presolana B"]
[Site "Bratto - Castione della Presolana ITA"]
[Date "2007.08.24"]
[Round "1"]
[White "Bini, Gabriele"]
[Black "Romano, Zeno"]
[Result "1-0"]
[WhiteElo "1601"]
[BlackElo "1866"]
[PlyCount "105"]
[EventDate "2007.08.24"]

1. e4 e5 2. Nf3 Nc6 3. d4 exd4 4. Nxd4 Bc5 5. Nxc6 Qf6 6. Qd2 dxc6 7. Bd3 Be6
8. O-O O-O-O 9. Qg5 Qxg5 10. Bxg5 f6 11. Bd2 Ne7 12. Bc3 Ng6 13. g3 Rhe8 14.
Kg2 Bf7 15. f4 h5 16. Nd2 h4 17. Rae1 Bd6 18. e5 fxe5 19. fxe5 Bd5+ 20. Kh3
Nxe5 21. Bf5+ Kb8 22. g4 Nc4 23. Ne4 Bxe4 24. Bxe4 g5 25. Bg6 Rxe1 26. Rxe1 a6
27. Bf6 Rf8 28. Bxg5 Rf2 29. Rh1 Ne5 30. Be4 Nf7 31. Bxh4 Rf4 32. Bd3 Ne5 33.
Bg3 Rf3 34. Rf1 Re3 35. Re1 Rf3 36. Be4 Rf8 37. Bf5 Nf3 38. Rd1 Rh8+ 39. Kg2
Nh4+ 40. Bxh4 Rxh4 41. Rxd6 cxd6 42. Kg3 Rh8 43. h4 Kc7 44. g5 Kd8 45. Kg4 Ke7
46. h5 Kf7 47. h6 Re8 48. g6+ Kg8 49. g7 Re1 50. Kg5 Kf7 51. Bg6+ Kg8 52. Kf6
Rf1+ 53. Bf5 1-0

[Event "XXVII Festival Conca della Presolana B"]
[Site "Bratto - Castione della Presolana ITA"]
[Date "2007.08.24"]
[Round "1"]
[White "Bocceda, Carlo"]
[Black "Morandi, Daniele"]
[Result "0-1"]
[WhiteElo "1739"]
[BlackElo "1904"]
[PlyCount "88"]
[EventDate "2007.08.24"]

1. Nf3 Nf6 2. d4 g6 3. c4 Bg7 4. Nc3 O-O 5. e4 d6 6. Be2 e5 7. O-O Nc6 8. h3
Nd7 9. d5 Ne7 10. Bd3 f5 11. exf5 gxf5 12. Bc2 h6 13. Re1 Ng6 14. Ne2 a5 15.
Ng3 Nc5 16. Nh5 Nh4 17. Nxg7 Kxg7 18. Be3 Rg8 19. Bxc5 dxc5 20. Nxh4 Qxh4 21.
Rxe5 Kf6 22. Re3 f4 23. Rf3 Bxh3 24. g3 Ke7 25. Qe2+ Kd6 26. Qe4 Raf8 27. Re1
Qg5 28. Kh2 fxg3+ 29. fxg3 Bd7 30. Ree3 h5 31. Qh4 Qxh4+ 32. gxh4 Rxf3 33. Rxf3
Rg4 34. b3 Rxh4+ 35. Kg1 c6 36. dxc6 Bxc6 37. Rd3+ Ke5 38. Bd1 Rd4 39. Rxd4
Kxd4 40. Bxh5 Be4 41. Kf2 Bb1 42. a3 Kc3 43. b4 axb4 44. axb4 Kxb4 0-1

[Event "XXVII Festival Conca della Presolana B"]
[Site "Bratto - Castione della Presolana ITA"]
[Date "2007.08.24"]
[Round "1"]
[White "Brunello, Roberta"]
[Black "Rombaldoni, Brian"]
[Result "1-0"]
[WhiteElo "1953"]
[BlackElo "1812"]
[PlyCount "47"]
[EventDate "2007.08.24"]

1. e4 c6 2. d4 d5 3. Nc3 dxe4 4. Nxe4 Bf5 5. Ng3 Bg6 6. Nf3 h6 7. Ne5 Bh7 8.
Bc4 e6 9. Qe2 Qe7 10. O-O Nd7 11. f4 Nxe5 12. dxe5 Qd7 13. f5 Bc5+ 14. Be3
Bxe3+ 15. Qxe3 Ne7 16. fxe6 fxe6 17. Rad1 Nd5 18. Bxd5 cxd5 19. c4 a6 20. cxd5
exd5 21. e6 Qd6 22. Rf7 Bg8 23. Nf5 Qc6 24. Nxg7+ 1-0

[Event "XXVII Festival Conca della Presolana B"]
[Site "Bratto - Castione della Presolana ITA"]
[Date "2007.08.24"]
[Round "1"]
[White "Caputi, Giuliano"]
[Black "Delledonne, Francesco"]
[Result "1-0"]
[WhiteElo "1975"]
[BlackElo "1822"]
[PlyCount "69"]
[EventDate "2007.08.24"]

1. c4 Nf6 2. Nc3 g6 3. e4 d6 4. d4 Bg7 5. f3 Nc6 6. Be3 a6 7. Qd2 Rb8 8. Bd3 e5
9. Nge2 exd4 10. Nxd4 O-O 11. O-O Re8 12. Rac1 Nh5 13. Nde2 Ne5 14. b3 Bd7 15.
Bb1 Qh4 16. Bg5 Nxf3+ 17. Rxf3 Qg4 18. h3 Qe6 19. Nd5 Rbc8 20. Rcf1 f6 21.
Nxf6+ Nxf6 22. Bxf6 Rf8 23. Qc3 Rf7 24. Bxg7 Rxg7 25. Nf4 Qe8 26. Nd5 Qe5 27.
Qxe5 dxe5 28. Nf6+ Kh8 29. Bd3 Bc6 30. Ng4 Re7 31. Rf7 Rce8 32. c5 b5 33. cxb6
cxb6 34. Bc4 Bxe4 35. Rxe7 1-0

[Event "XXVII Festival Conca della Presolana B"]
[Site "Bratto - Castione della Presolana ITA"]
[Date "2007.08.24"]
[Round "1"]
[White "Chiarion, Elisa"]
[Black "Buono, Valerio"]
[Result "1/2-1/2"]
[WhiteElo "1814"]
[BlackElo "1965"]
[PlyCount "89"]
[EventDate "2007.08.24"]

1. e4 e5 2. Nf3 Nc6 3. Bc4 Be7 4. c3 Nf6 5. d3 d6 6. O-O O-O 7. Re1 h6 8. Nbd2
Nh7 9. Nf1 Ng5 10. h3 Na5 11. Bb5 a6 12. Ba4 b5 13. Bc2 f5 14. a4 c6 15. b4
Nxf3+ 16. Qxf3 fxe4 17. Qxe4 Bf5 18. Qe2 Nb7 19. Bb3+ Kh8 20. Ng3 Qd7 21. d4
Bf6 22. Nxf5 Qxf5 23. Bc2 Qd7 24. Qe4 g5 25. d5 c5 26. Qg4 Qg7 27. Qh5 cxb4 28.
cxb4 e4 29. Ra3 Bd4 30. Re2 Qf6 31. Bxe4 Bxf2+ 32. Kh1 Bd4 33. Rf3 Qg7 34. h4
Rac8 35. Bxg5 Rxf3 36. Bxf3 Be5 37. Bxh6 Qh7 38. Bd2 Qxh5 39. Bxh5 bxa4 40. g4
a3 41. Bg5 Bb2 42. Kg2 a2 43. Bf6+ Bxf6 44. Rxa2 Bxh4 45. Rxa6 1/2-1/2

[Event "XXVII Festival Conca della Presolana B"]
[Site "Bratto - Castione della Presolana ITA"]
[Date "2007.08.24"]
[Round "1"]
[White "Cocuzzi, Edoardo"]
[Black "Melone, Antonio"]
[Result "1-0"]
[WhiteElo "1887"]
[BlackElo "1704"]
[PlyCount "149"]
[EventDate "2007.08.24"]

1. e4 c6 2. d4 d5 3. exd5 cxd5 4. Bd3 Nf6 5. h3 Nc6 6. c3 e5 7. dxe5 Nxe5 8.
Nf3 Nxd3+ 9. Qxd3 Be7 10. O-O O-O 11. Be3 Qc7 12. Bd4 Rd8 13. Nbd2 a6 14. Rfe1
h6 15. Qe3 Rd7 16. Bb6 Qb8 17. Qd3 Qd6 18. Ne5 Qxb6 19. Nxd7 Bxd7 20. Rxe7 Be6
21. Qc2 Kf8 22. Rxe6 fxe6 23. Qb3 Qxb3 24. Nxb3 Ke7 25. Re1 Kd6 26. Nd4 Re8 27.
f3 g6 28. g4 e5 29. Nc2 Nd7 30. Rd1 b5 31. Nb4 Nb6 32. Nxa6 Rf8 33. Rf1 Nc4 34.
Rf2 d4 35. cxd4 exd4 36. b3 Ne5 37. Kg2 Nc6 38. a4 b4 39. Rc2 Ra8 40. Nc5 Kd5
41. Nd3 g5 42. Rc5+ Kd6 43. Rb5 Ra5 44. Rb7 Ne5 45. Nf2 Kc5 46. Ne4+ Kd5 47.
Rxb4 d3 48. Nd2 Rc5 49. Kf2 Rc1 50. a5 Rd1 51. Nc4 Kc5 52. Ra4 d2 53. Ke2 Re1+
54. Kxd2 Nxf3+ 55. Kc3 Nd4 56. a6 Rc1+ 57. Kb2 Rc2+ 58. Kb1 Rc3 59. a7 Rxb3+
60. Nb2 Nb5 61. Ra5 Kb6 62. Rxb5+ Kxb5 63. a8=Q Rxh3 64. Qb7+ Kc5 65. Qe7+ Kd4
66. Qf6+ Ke4 67. Qf5+ Kd4 68. Qf2+ Ke5 69. Nc4+ Ke6 70. Qf5+ Ke7 71. Ne5 Rh1+
72. Kc2 Rh2+ 73. Kd3 Rh1 74. Ng6+ Kd6 75. Qe5+ 1-0

[Event "XXVII Festival Conca della Presolana B"]
[Site "Bratto - Castione della Presolana ITA"]
[Date "2007.08.24"]
[Round "1"]
[White "Crimi, Alessandro"]
[Black "Hunt, Daniel"]
[Result "0-1"]
[WhiteElo "1918"]
[BlackElo "1754"]
[PlyCount "72"]
[EventDate "2007.08.24"]

1. d4 Nf6 2. c4 g6 3. Nc3 d5 4. cxd5 Nxd5 5. e4 Nxc3 6. bxc3 Bg7 7. Rb1 c5 8.
Nf3 O-O 9. Be2 Qa5 10. O-O Qxa2 11. Bg5 cxd4 12. cxd4 b6 13. Ra1 Qe6 14. Re1
Bb7 15. Qa4 h6 16. Bh4 Rc8 17. d5 Qd6 18. Rac1 Rxc1 19. Rxc1 Nd7 20. Bg3 e5 21.
dxe6 Qxe6 22. Rc7 Nc5 23. Qc4 Bxe4 24. Nd2 Bd5 25. Qf4 Qxe2 26. h3 Be6 27. Nf3
Qe4 28. Qd6 Qd5 29. Qf4 a5 30. Qe3 a4 31. Ne5 a3 32. Ng4 Bxg4 33. hxg4 a2 34.
Qe7 a1=Q+ 35. Kh2 Qf1 36. f3 Qa2 0-1

[Event "XXVII Festival Conca della Presolana B"]
[Site "Bratto - Castione della Presolana ITA"]
[Date "2007.08.24"]
[Round "1"]
[White "Di Donato, Giovanni"]
[Black "Autino, Massimiliano"]
[Result "0-1"]
[WhiteElo "1939"]
[BlackElo "1779"]
[PlyCount "120"]
[EventDate "2007.08.24"]

1. e4 d5 2. exd5 Qxd5 3. Nc3 Qe5+ 4. Qe2 Qxe2+ 5. Bxe2 c6 6. Nf3 Bf5 7. d3 e6
8. Be3 Nf6 9. O-O Nbd7 10. a3 h6 11. b4 Be7 12. Nd4 Bh7 13. Nb3 b6 14. Rfc1 Nd5
15. Nxd5 cxd5 16. d4 Bd6 17. Ba6 Ke7 18. Nd2 Rad8 19. c4 Nb8 20. Bb7 Rd7 21.
Ba8 dxc4 22. Nxc4 Rhd8 23. Nxd6 Kxd6 24. Bf4+ Ke7 25. Bc7 Rg8 26. d5 exd5 27.
Re1+ Kf6 28. Rac1 Kg6 29. Bg3 Rgd8 30. Red1 f6 31. Bxb8 Rxb8 32. Bxd5 Rbd8 33.
Bb3 Rxd1+ 34. Rxd1 Rxd1+ 35. Bxd1 Kg5 36. g3 Bd3 37. f4+ Kf5 38. Kf2 Ke4 39.
Bb3 Kd4 40. Bf7 Kc3 41. Ke3 Bc4 42. Be8 Kb3 43. Kd4 Bg8 44. h4 Kxa3 45. Kc3 a5
46. bxa5 bxa5 47. g4 g5 48. fxg5 fxg5 49. hxg5 hxg5 50. Kd4 Be6 51. Ke5 Bxg4
52. Kf6 Be2 53. Kxg5 Kb4 54. Kf4 Bb5 55. Bf7 a4 56. Ke3 Kc3 57. Be6 a3 58. Ba2
Bc4 59. Bb1 Kb2 60. Ba2 Bxa2 0-1

[Event "XXVII Festival Conca della Presolana B"]
[Site "Bratto - Castione della Presolana ITA"]
[Date "2007.08.24"]
[Round "1"]
[White "Dorati, Giuseppe"]
[Black "Bitossi, Massimo"]
[Result "0-1"]
[WhiteElo "1715"]
[BlackElo "1892"]
[PlyCount "62"]
[EventDate "2007.08.24"]

1. e4 Nf6 2. e5 Nd5 3. d4 d6 4. Nf3 Bg4 5. c4 Nb6 6. exd6 cxd6 7. Be2 Nc6 8.
Nbd2 g6 9. h3 Bxf3 10. Nxf3 Bg7 11. O-O O-O 12. Be3 e5 13. d5 Ne7 14. Rc1 h6
15. Qd2 Kh7 16. Qa5 f5 17. a3 Nd7 18. Qxd8 Rfxd8 19. b4 g5 20. Bxg5 hxg5 21.
Nxg5+ Kg6 22. Ne6 Rdc8 23. g4 Bh6 24. Rc3 Kf6 25. Kh1 Nxd5 26. Rf3 Nf4 27. Nxf4
Bxf4 28. Rd1 fxg4 29. Rxd6+ Ke7 30. Rfd3 Nf6 31. hxg4 e4 0-1

[Event "XXVII Festival Conca della Presolana B"]
[Site "Bratto - Castione della Presolana ITA"]
[Date "2007.08.24"]
[Round "1"]
[White "Fontanesi, Riccardo"]
[Black "Raselli, Claudio"]
[Result "0-1"]
[WhiteElo "1837"]
[BlackElo "1985"]
[PlyCount "100"]
[EventDate "2007.08.24"]

1. d4 f5 2. c4 Nf6 3. Nf3 e6 4. Nc3 d5 5. g3 c6 6. Bg2 Be7 7. O-O O-O 8. Bg5
Nbd7 9. b3 Ne4 10. Bxe7 Qxe7 11. Qc2 g5 12. Ne5 Nxe5 13. dxe5 Bd7 14. f4 Qc5+
15. Kh1 Nf2+ 16. Rxf2 Qxf2 17. cxd5 cxd5 18. Nxd5 exd5 19. Bxd5+ Kg7 20. Qc7
Rad8 21. e6 Qd4 22. Qe5+ Qxe5 23. fxe5 Bxe6 24. Bxe6 Rde8 25. Bc4 Rxe5 26. Rd1
Rfe8 27. Kg1 R8e7 28. a4 a6 29. Rd6 Rc7 30. Rb6 Rec5 31. Rd6 b5 32. Bd3 bxa4
33. bxa4 a5 34. Kf2 h5 35. h3 Rb7 36. Bb5 Rbxb5 37. axb5 Rxb5 38. Ra6 Re5 39.
Kf3 Rb5 40. e3 g4+ 41. hxg4 hxg4+ 42. Kf4 Kf7 43. e4 fxe4 44. Kxg4 Re5 45. Rc6
e3 46. Rc1 e2 47. Re1 a4 48. Kf3 a3 49. Kf2 a2 50. g4 Kg6 0-1

[Event "XXVII Festival Conca della Presolana B"]
[Site "Bratto - Castione della Presolana ITA"]
[Date "2007.08.24"]
[Round "1"]
[White "Franzini, Stefano"]
[Black "Biava, Pierluigi"]
[Result "0-1"]
[WhiteElo "1905"]
[BlackElo "1739"]
[PlyCount "78"]
[EventDate "2007.08.24"]

1. e4 c5 2. Nc3 Nc6 3. g3 d6 4. Bg2 Nf6 5. Nge2 a6 6. O-O Rb8 7. d4 cxd4 8.
Nxd4 Qb6 9. Nxc6 bxc6 10. b3 Bg4 11. Qd3 g6 12. Be3 Qc7 13. Qxa6 Bg7 14. e5 Nd5
15. Nxd5 cxd5 16. exd6 exd6 17. Bf4 Rb6 18. Qa8+ Kd7 19. Qa4+ Qc6 20. Bxd5 Qxa4
21. bxa4 Bxa1 22. Rxa1 Be6 23. Bb3 Rc8 24. a5 Ra6 25. Ba4+ Ke7 26. Bd2 Rc5 27.
a3 Bc4 28. Bb4 Re5 29. c3 Kf6 30. Bd7 Ra7 31. Bc8 d5 32. Rd1 Re8 33. Bh3 g5 34.
Bg2 Re5 35. Bc5 Rxa5 36. Bd4 Ke6 37. Bxe5 Kxe5 38. Ra1 Kd6 39. Bf1 39... Kc5
$138 0-1

[Event "XXVII Festival Conca della Presolana B"]
[Site "Bratto - Castione della Presolana ITA"]
[Date "2007.08.24"]
[Round "1"]
[White "Galasso, Daniele"]
[Black "Saccani, Ettore"]
[Result "1/2-1/2"]
[WhiteElo "1712"]
[BlackElo "1888"]
[PlyCount "53"]
[EventDate "2007.08.24"]

1. c4 Nf6 2. Nf3 g6 3. Nc3 Bg7 4. g3 O-O 5. Bg2 d6 6. O-O c5 7. Rb1 Nc6 8. a3
Bf5 9. d3 Qd7 10. Na2 Bh3 11. b4 Bxg2 12. Kxg2 Rfd8 13. b5 Ne5 14. Nxe5 dxe5
15. Qc2 b6 16. Nc3 Qb7+ 17. Kg1 Rd7 18. Bb2 Rad8 19. Rbd1 e6 20. Bc1 h6 21. f3
Nh5 22. Be3 f5 23. Bf2 Nf6 24. a4 e4 25. dxe4 fxe4 26. Rxd7 Rxd7 27. Nxe4
1/2-1/2

[Event "XXVII Festival Conca della Presolana B"]
[Site "Bratto - Castione della Presolana ITA"]
[Date "2007.08.24"]
[Round "1"]
[White "Gallana, Marco"]
[Black "Rozzoni, Davide"]
[Result "1/2-1/2"]
[WhiteElo "1949"]
[BlackElo "1786"]
[PlyCount "66"]
[EventDate "2007.08.24"]

1. d4 g6 2. c4 Nh6 3. Nc3 d6 4. e4 c6 5. f3 Bg7 6. Be3 f6 7. Qd2 Nf7 8. Bd3 O-O
9. O-O-O e5 10. d5 c5 11. g4 a6 12. Nge2 Qa5 13. Ng3 b5 14. Kb1 bxc4 15. Bxc4
Ra7 16. h4 Qb4 17. Bb3 Rb7 18. Na4 Bd7 19. Qxb4 Rxb4 20. Bd2 Bxa4 21. Bxb4 Bxb3
22. axb3 cxb4 23. Ne2 Bh6 24. Nc1 Nd7 25. Nd3 a5 26. Rh2 Be3 27. Re2 Bd4 28. f4
Nc5 29. Nxc5 Bxc5 30. f5 g5 31. hxg5 Nxg5 32. Kc2 Rc8 33. Kd3 Nf3 1/2-1/2

[Event "XXVII Festival Conca della Presolana B"]
[Site "Bratto - Castione della Presolana ITA"]
[Date "2007.08.24"]
[Round "1"]
[White "Gallavotti, Eugenio"]
[Black "Proietti, Giorgio"]
[Result "1/2-1/2"]
[WhiteElo "1702"]
[BlackElo "1878"]
[PlyCount "152"]
[EventDate "2007.08.24"]

1. e4 e6 2. d4 d5 3. Nc3 Bb4 4. e5 Ne7 5. Bg5 c5 6. a3 Bxc3+ 7. bxc3 Nbc6 8.
Bb5 Bd7 9. Bxc6 Bxc6 10. Bxe7 Qxe7 11. Qg4 O-O 12. Ne2 Ba4 13. Ra2 Rac8 14.
dxc5 Bb5 15. Nf4 h6 16. Nh5 Qg5 17. Qxg5 hxg5 18. Rb2 Ba6 19. Rb4 Rxc5 20. Rg4
Rxc3 21. Kd2 Rfc8 22. Rc1 Rxa3 23. Rxg5 g6 24. Nf6+ Kf8 25. h4 Ke7 26. h5 gxh5
27. Rxh5 Rac3 28. Rh3 Rxh3 29. gxh3 Rh8 30. Rh1 Rh4 31. Ng4 Bb5 32. Rb1 Bc6 33.
Rb3 a5 34. Rg3 a4 35. Kc3 Rh8 36. Kb4 Rc8 37. Rc3 Ra8 38. Nf6 Ra6 39. h4 Rb6+
40. Ka3 Rb1 41. h5 Rh1 42. Rg3 Kf8 43. Rg8+ Ke7 44. Rc8 Rh3+ 45. Ka2 d4 46. h6
Rxh6 47. Ng8+ Kd7 48. Rxc6 Rh2 49. Rd6+ Kc7 50. Rxd4 Rxf2 51. Rc4+ Kb6 52. Ka3
Re2 53. Nf6 Kb5 54. Rb4+ Kc6 55. Rc4+ Kb5 56. Rc7 Rxe5 57. Rxb7+ Kc6 58. Rxf7
Re2 59. c4 Kc5 60. Rc7+ Kb6 61. Rc8 Kb7 62. Rc5 Kb6 63. Nd7+ Kb7 64. Kxa4 Rd2
65. Nf6 Re2 66. Nd7 Rd2 67. Ne5 Re2 68. Rb5+ Kc7 69. Nd3 Re4 70. Kb4 Re3 71.
Ne5 Kd6 72. Ng6 Re4 73. Rb6+ Kc7 74. Kc5 Rxc4+ 75. Kxc4 Kxb6 76. Kd4 e5+
1/2-1/2

[Event "XXVII Festival Conca della Presolana B"]
[Site "Bratto - Castione della Presolana ITA"]
[Date "2007.08.24"]
[Round "1"]
[White "Gatta, Flavio"]
[Black "Oteri, Aldo"]
[Result "1-0"]
[WhiteElo "1791"]
[BlackElo "1957"]
[PlyCount "41"]
[EventDate "2007.08.24"]

1. e4 e6 2. d4 d5 3. e5 c5 4. c3 Nc6 5. Nf3 Qb6 6. a3 f6 7. b4 cxd4 8. cxd4
fxe5 9. dxe5 Bd7 10. Bd3 Nge7 11. O-O O-O-O 12. Bb2 h6 13. Nbd2 Kb8 14. b5 Na5
15. Bd4 Qc7 16. Rc1 Nc4 17. Nxc4 dxc4 18. Rxc4 Qa5 19. Ra4 Qc7 20. Bxa7+ Kc8
21. Rc4 1-0

[Event "XXVII Festival Conca della Presolana B"]
[Site "Bratto - Castione della Presolana ITA"]
[Date "2007.08.24"]
[Round "1"]
[White "Luppi, Dario"]
[Black "Mora, Lorenzo"]
[Result "0-1"]
[WhiteElo "1763"]
[BlackElo "1920"]
[PlyCount "44"]
[EventDate "2007.08.24"]

1. d4 Nf6 2. Nf3 d6 3. Bf4 g6 4. e3 Bg7 5. h3 Nbd7 6. Be2 c5 7. O-O O-O 8. c4
Qb6 9. Qc2 Re8 10. Nc3 Nf8 11. Bh2 cxd4 12. Nxd4 Ne6 13. Na4 Nxd4 14. exd4 Qxd4
15. Bf3 Bf5 16. Qb3 Ne4 17. Bxe4 Qxe4 18. Nc3 Qc6 19. Rac1 Be6 20. Nd5 Rac8 21.
Rfd1 Bxd5 22. Rxd5 Qxd5 0-1

[Event "XXVII Festival Conca della Presolana B"]
[Site "Bratto - Castione della Presolana ITA"]
[Date "2007.08.24"]
[Round "1"]
[White "Mansueti, Marco"]
[Black "Gozzini, Giambattista"]
[Result "1-0"]
[WhiteElo "1703"]
[BlackElo "1881"]
[PlyCount "57"]
[EventDate "2007.08.24"]

1. d4 Nf6 2. c4 g6 3. Nc3 Bg7 4. Nf3 d6 5. e4 O-O 6. Bd3 Nc6 7. a3 e5 8. d5 Ne7
9. O-O Nh5 10. Nh4 Bf6 11. Nf5 Nxf5 12. exf5 Nf4 13. fxg6 hxg6 14. Bxf4 exf4
15. Qf3 Be5 16. g3 Bh3 17. Rfe1 fxg3 18. hxg3 f5 19. Qh1 Bg4 20. f3 Bh5 21. f4
Bd4+ 22. Kg2 Kg7 23. Re6 Bg4 24. Qe1 Rf7 25. Be2 Bxc3 26. Qxc3+ Rf6 27. Bxg4
fxg4 28. Rae1 Qh8 29. Qxf6+ 1-0

[Event "XXVII Festival Conca della Presolana B"]
[Site "Bratto - Castione della Presolana ITA"]
[Date "2007.08.24"]
[Round "1"]
[White "Mazzetta, Renato"]
[Black "Marsili, Riccardo"]
[Result "1-0"]
[WhiteElo "1864"]
[BlackElo "1686"]
[PlyCount "65"]
[EventDate "2007.08.24"]

1. e4 d5 2. exd5 Qxd5 3. Nc3 Qa5 4. d4 c6 5. Nf3 Nf6 6. Bc4 Bf5 7. Bd2 e6 8.
O-O Qc7 9. Ne5 Bd6 10. f4 O-O 11. Bb3 Qb6 12. Be3 Rd8 13. Qe2 Qc7 14. h3 Na6
15. g4 Bg6 16. h4 Ne4 17. Qg2 Nxc3 18. bxc3 Bxe5 19. fxe5 h6 20. h5 Bh7 21. g5
hxg5 22. Qxg5 Kh8 23. Rf2 Rd7 24. Rg2 Rg8 25. h6 Bg6 26. Bxe6 fxe6 27. Qxg6 Re7
28. Rf1 Qd8 29. Bg5 Qe8 30. Bxe7 Qxe7 31. Rf7 Qe8 32. hxg7+ Rxg7 33. Qxg7# 1-0

[Event "XXVII Festival Conca della Presolana B"]
[Site "Bratto - Castione della Presolana ITA"]
[Date "2007.08.24"]
[Round "1"]
[White "Menegollo, Carlo"]
[Black "Saccani, Ercole"]
[Result "1-0"]
[WhiteElo "1889"]
[BlackElo "1715"]
[PlyCount "65"]
[EventDate "2007.08.24"]

1. e4 c5 2. Nf3 d6 3. d4 cxd4 4. Nxd4 Nf6 5. Nc3 Nc6 6. f3 e6 7. Be3 Be7 8. Bc4
O-O 9. Qd2 Ne5 10. Bb3 a6 11. O-O-O Qc7 12. g4 Rd8 13. g5 Nh5 14. Qe2 g6 15. f4
Nc6 16. Qf2 Na5 17. Nde2 Nxb3+ 18. cxb3 Qc6 19. Ng3 Ng7 20. Kb1 b5 21. h4 Bb7
22. h5 d5 23. hxg6 fxg6 24. Qh2 dxe4 25. Qxh7+ Kf7 26. Bd4 Rxd4 27. Rxd4 e3 28.
Rhd1 Qc5 29. Nce4 e2 30. Nxc5 exd1=Q+ 31. Rxd1 Bd5 32. Nd3 Bd6 33. Ne5+ 1-0

[Event "XXVII Festival Conca della Presolana B"]
[Site "Bratto - Castione della Presolana ITA"]
[Date "2007.08.24"]
[Round "1"]
[White "Nepi, Ezio"]
[Black "Boccalatte, Piero"]
[Result "1-0"]
[WhiteElo "1831"]
[BlackElo "1975"]
[PlyCount "103"]
[EventDate "2007.08.24"]

1. c4 e6 2. Nc3 d5 3. d4 c6 4. Nf3 Nf6 5. e3 Nbd7 6. Be2 Bd6 7. Qc2 Qe7 8. O-O
O-O 9. b3 dxc4 10. bxc4 e5 11. Bd3 Re8 12. Ng5 h6 13. Nge4 Bc7 14. d5 Nb6 15.
Nxf6+ Qxf6 16. e4 Bd6 17. Be3 Nd7 18. a4 Bc5 19. a5 Qg6 20. Na4 Qd6 21. Nxc5
Nxc5 22. Qc3 Rd8 23. Bc2 cxd5 24. cxd5 Na6 25. Rab1 Rd7 26. Bd3 Rc7 27. Qd2 Bd7
28. f4 f6 29. fxe5 fxe5 30. Rf2 Nc5 31. Qb4 Rac8 32. Rc2 b6 33. axb6 axb6 34.
Bf1 Be8 35. g3 Bg6 36. Bg2 Bh7 37. Rbc1 Bg6 38. Bxc5 bxc5 39. Qc4 Rb8 40. Ra2
Rb4 41. Ra8+ Kh7 42. Qe2 c4 43. h4 c3 44. h5 Qb6+ 45. Kh2 Bf7 46. Qf3 Rb2 47.
Rxc3 Bxh5 48. Qxh5 Rxg2+ 49. Kxg2 Qb2+ 50. Kh3 Qxc3 51. Qf5+ g6 52. Qf8 1-0

[Event "XXVII Festival Conca della Presolana B"]
[Site "Bratto - Castione della Presolana ITA"]
[Date "2007.08.24"]
[Round "1"]
[White "Orsatti, Marcello"]
[Black "De Bortoli, Thomas"]
[Result "1-0"]
[WhiteElo "1857"]
[BlackElo "1617"]
[PlyCount "49"]
[EventDate "2007.08.24"]

1. c4 c5 2. Nc3 Nf6 3. g3 g6 4. Bg2 Bg7 5. d3 Nc6 6. e4 d6 7. Nge2 e5 8. O-O
O-O 9. h3 a6 10. Bg5 Ne7 11. f4 Ne8 12. fxe5 dxe5 13. Nd5 f6 14. Be3 Nxd5 15.
exd5 Qd6 16. Qd2 Nc7 17. a3 f5 18. b4 b6 19. bxc5 bxc5 20. Qa5 Qd8 21. Bxc5 Rf7
22. d6 Rb8 23. dxc7 Qxc7 24. Qxc7 Rxc7 25. Bd6 1-0

[Event "XXVII Festival Conca della Presolana B"]
[Site "Bratto - Castione della Presolana ITA"]
[Date "2007.08.24"]
[Round "1"]
[White "Pedemonte, Claudio"]
[Black "Margstahler, Francesco"]
[Result "1/2-1/2"]
[WhiteElo "1915"]
[BlackElo "1752"]
[PlyCount "106"]
[EventDate "2007.08.24"]

1. c4 e6 2. d4 d5 3. Nf3 Nf6 4. g3 Be7 5. Bg2 dxc4 6. Qa4+ Bd7 7. Qxc4 Bc6 8.
O-O O-O 9. Nc3 Nbd7 10. b3 Nb6 11. Qd3 Nbd5 12. Bb2 Nxc3 13. Qxc3 Bd5 14. Nd2
Bxg2 15. Kxg2 Qd5+ 16. f3 c5 17. dxc5 Bxc5 18. e4 Qc6 19. Rac1 Rac8 20. Nc4 Be7
21. Qe3 Qa6 22. a4 Rfd8 23. Rfd1 b5 24. axb5 Qxb5 25. Qxa7 Bc5 26. Qa4 Qxa4 27.
bxa4 Rxd1 28. Rxd1 Ba7 29. a5 h5 30. Rc1 Rb8 31. Kf1 Nd7 32. Rd1 Nc5 33. Bd4
Rb4 34. Nb6 Bxb6 35. axb6 Na4 36. Ke2 Nxb6 37. Bc3 Ra4 38. Rb1 Ra2+ 39. Rb2
Rxb2+ 40. Bxb2 g6 41. Kd3 Kf8 42. Kd4 Nd7 43. f4 f6 44. h3 Kf7 45. g4 hxg4 46.
hxg4 e5+ 47. Ke3 exf4+ 48. Kxf4 Nc5 49. Bd4 Ne6+ 50. Ke3 Nxd4 51. Kxd4 Ke6 52.
Ke3 Ke5 53. Kf3 f5 1/2-1/2